MARC

LEADER 00000cam a2200000 7i4500
001 0000003968
005 20130117.0
020 0 0 |a 9789839269574 
090 0 0 |a 915.95112   |b KUA L 
245 1 0 |a Selat Kuah :   |b Straits of Kuah   |c by : A. Norhayati...[et.al] 
260 0 0 |a Kuala Lumpur :   |b Jabatan Perhutanan Semenanjung Malaysia ,   |c 2007 
300 |a 326 p. :   |b ill. ;   |c 22cm. 
440 0 0 |a Warisan budaya dam sumber asli Langkaswi 
650 0 0 |a Kuah (Kedah)---Economic conditions 
650 0 0 |a Kuah (Kedah)---Environmental conditions 
650 0 0 |a Kuah (Kedah)---Social conditions 
700 0 1 |a A.Latiff 
700 0 1 |a Kamal Roslan, M 
700 0 1 |a Mustaffa, O 
700 0 1 |a Shukor, M.N 
998 |a JPSM 
999 |a 007749   |b Monograph   |c Open Shelf   |e Default branch